Príručka slovenského pravopisu pre školy a prax
Uložené v:
| Médium: | Kniha |
|---|---|
| Jazyk: | Slovak |
| Vydavateľské údaje: |
2010, 2. uprav. vyd.
|
| Tagy: |
Žiadne tagy, Buďte prvý, kto otaguje tento záznam!
|
MARC
| LEADER | 00000nam a2200000 4500 | ||
|---|---|---|---|
| 001 | 0200306 | ||
| 005 | 20240822101656.7 | ||
| 020 | |a 9788096915916 | ||
| 041 | 0 | |a slo | |
| 044 | |a SK | ||
| 245 | 1 | 0 | |a Príručka slovenského pravopisu pre školy a prax |
| 264 | 1 | |c 2010, 2. uprav. vyd. | |